000 01472nam0a2200337 4500
001 RU\NLR\bibl\950625
005 20260406071641.0
010 _a5-98194-039-5
_bВ пер.
_97000
021 _aRU
_b2006-16518
_9814
035 _a(nilc)RSL-KNO-002862492
035 _a(NLR Aleph) 000938730
090 _a206146
_c206146
100 _a20060413d2006 |||y0rusy50 ca
101 0 _arus
102 _aRU
105 _aa |||||||||
106 _ar
200 1 _aФлавиан
_eповесть
_fпротоиер. Александр Торик
210 _aМосква
_cЛепта
_cТрейд сервис
_d2006
_eМ.
_gТипография АО "Молодая гвардия"
215 _a294, [3] с.
_cил.
_d17
610 0 _aФилологические науки. Художественная литература -- Российская Федерация -- Русская литература -- с сер. 50-х гг. 20 в. -- Произведения художественной литературы -- Художественная проза -- Романы. Повести. Рассказы
686 _aШ5(2=Р)75-644
_2rubbk
686 _aШ6(2=Р)75-440.4
700 1 _4070
_7ca
_8rus
_aТорик
_bА.
_f1958-
_gАлександр
_911489
_3RU\NLR\auth\7728458
801 0 _aRU
_bРКП
_c20060413
_grcr
801 1 _aRU
_bРГБ
_c20060413
801 2 _aRU
_bNLR
_c20060518
_grcr
942 _cBOOK
980 _aNB